000 00882nas a2200289 4500
001 BR0900709
003 BR-BrBNA
005 20231205113101.0
007 ta
008 230509b bl.|||p| |||| 00| 00por d
040 _aBR-BrBNA
_bpor
_cBiblioteca Nacional de Agricultura
041 _a(Pt)
072 _aQ53
100 1 _aMachado, E.H.L.
100 1 _aAlves, L.C.
100 1 _aFaustino, M.A. da G.
100 1 _aMachado, E. de C.L.
245 1 _aOcorrência de Coleópteros em alimentos industrializados para cães, comercializados na região metropolitana de Recife, PE
650 _aCÃO
650 _aALIMENTO
650 _aPRAGA
650 _aRECIFE
650 _aPERNAMBUCO
773 0 _tNeotropical Entomology (Brazil)
_xISSN 1519-566X
_g(Sep-Oct 2008), v. 37(5) p. 602-605
_wBR0900709
909 _a202311
_bLúcia
_c55
_dLúcia Elande
942 _2AGRIS
_n0
_cANA
999 _c201738
_d201738